Postavenie amerického dolára, európskeho eura a japonského jenu vo svetovej ekonomike bakalárska práca

Gespeichert in:
Bibliographische Detailangaben
1. Verfasser: Mazúr, Peter
Körperschaft: Fakulta medzinárodných vzťahov EU. Katedra medzinárodných ekonomických vzťahov a hospodárskej diplomacie
Weitere Verfasser: Woltemar, Richard
Format: Buch
Sprache:Slowakisch
Veröffentlicht: Bratislava 2009
Tags: Tag hinzufügen
Keine Tags, Fügen Sie das erste Tag hinzu!

MARC

LEADER 00000nam$a2200000$$$4500
001 0099869
005 20240318140908.5
041 0 |a slo 
044 |a SK 
245 1 0 |a Postavenie amerického dolára, európskeho eura a japonského jenu vo svetovej ekonomike  |b bakalárska práca  |c Peter Mazúr ; škol. Richard Woltemar 
264 1 |a Bratislava  |c 2009 
300 |a 44 s. 
100 1 |a Mazúr, Peter 
700 1 |a Woltemar, Richard 
710 2 |a Fakulta medzinárodných vzťahov EU. Katedra medzinárodných ekonomických vzťahov a hospodárskej diplomacie